000 00304nam a2200121Ia 4500
008 191201s2019 xx 000 0 und d
100 _aPFISTER, Cuno
245 0 _aGetting Started with the Internet of Things
250 _a6th rep
260 _bSPDO, Reilly
_aNew Delhi
300 _a176
942 _2ddc
_cBK
999 _c8164
_d8164